Psychology and Industry Today <An> Introduction to Industrial and Organizational Psychology
Gespeichert in:
| 1. Verfasser: | |
|---|---|
| Weitere Verfasser: | |
| Format: | Buch |
| Sprache: | Englisch |
| Veröffentlicht: |
New York
MacMillan Pub. Co.
1990
|
| Ausgabe: | 5. ed. |
| Tags: |
Keine Tags, Fügen Sie das erste Tag hinzu!
|
MARC
| LEADER | 00000nam a2200000 4500 | ||
|---|---|---|---|
| 001 | c022651 | ||
| 005 | 20221206122657.4 | ||
| 041 | 0 | |a eng | |
| 044 | |a US | ||
| 245 | 1 | 0 | |a Psychology and Industry Today |b <An> Introduction to Industrial and Organizational Psychology |c Duane P. Schultz, Sydney Ellen Schultz |
| 250 | |a 5. ed. | ||
| 264 | 1 | |a New York |b MacMillan Pub. Co. |c 1990 | |
| 300 | |a 667 s. | ||
| 100 | 1 | |a Schultz, Duane P. | |
| 700 | 1 | |a Schultz, Sydney Ellen | |